Big Data Analytics : UG & PG, B. Tech., computer science, IT and data science students / (Record no. 50038)

MARC details
000 -LEADER
fixed length control field 00684nam a22002177a 4500
003 - CONTROL NUMBER IDENTIFIER
control field OSt
008 - FIXED-LENGTH DATA ELEMENTS--GENERAL INFORMATION
fixed length control field 260408b |||||||| |||| 00| 0 eng d
020 ## - INTERNATIONAL STANDARD BOOK NUMBER
International Standard Book Number 9789353873851
082 ## - DEWEY DECIMAL CLASSIFICATION NUMBER
Classification number 005.74
Item number E37B
100 ## - MAIN ENTRY--PERSONAL NAME
Personal name Elangovan, R.
245 ## - TITLE STATEMENT
Title Big Data Analytics : UG & PG, B. Tech., computer science, IT and data science students /
Statement of responsibility, etc. by R. Elangovan, P. Rajesh and M. Govindhan
260 ## - PUBLICATION, DISTRIBUTION, ETC. (IMPRINT)
Place of publication, distribution, etc .- 2025
Name of publisher, distributor, etc : Satish Serial Publishing House
Date of publication, distribution, etc , 2025
300 ## - PHYSICAL DESCRIPTION
Extent ix,170p.
650 ## - SUBJECT ADDED ENTRY--TOPICAL TERM
Topical term or geographic name as entry element Computer Science, Information & General Works
650 ## - SUBJECT ADDED ENTRY--TOPICAL TERM
Topical term or geographic name as entry element Databases
650 ## - SUBJECT ADDED ENTRY--TOPICAL TERM
Topical term or geographic name as entry element Data Analytics
650 ## - SUBJECT ADDED ENTRY--TOPICAL TERM
Topical term or geographic name as entry element Data Science
700 ## - ADDED ENTRY--PERSONAL NAME
Personal name Rajesh, P.
700 ## - ADDED ENTRY--PERSONAL NAME
Personal name Govindhan, M.
942 ## - ADDED ENTRY ELEMENTS (KOHA)
Source of classification or shelving scheme
Koha item type Books
Holdings
Withdrawn status Lost status Source of classification or shelving scheme Damaged status Not for loan Home library Current library Date acquired Source of acquisition Cost, normal purchase price Total Checkouts Full call number Barcode Date last seen Bill Date Koha item type Bill Number
          Dr. Rajendra Prasad Central Agricultural University Pusa, Dr. Rajendra Prasad Central Agricultural University Pusa, 08/04/2026 IBPS, Delhi 2250.00   005.74 E37B 86999 08/04/2026 28/01/2026 Books IBPS/021/2025-26
Hosted, Implemented, Customized & Maintained by: BestBookBuddies

Powered by Koha